[Event "Challenge"]
[Site "http://www.queenalice.com/game.php?id=128829"]
[Date "2006.11.13"]
[Round "-"]
[White "turkerdilber"]
[Black "Gohan"]
[Result "1-0"]
[WhiteElo "1750"]
[BlackElo "1281"]

1. e4 d5 2. exd5 Qxd5 3. Nc3 Qe6+ 4. Be2 Nc6 5. Nf3 Nf6 6. O-O Ne4 7. Nxe4 Qxe4
8. d4 Be6 9. Re1 O-O-O 10. Bc4 Qf5 11. Bxe6+ fxe6 12. c3 1-0

[Event "Challenge"]
[Site "http://www.queenalice.com/game.php?id=132952"]
[Date "2006.11.24"]
[Round "-"]
[White "farofa38"]
[Black "Gohan"]
[Result "0-1"]
[WhiteElo "1406"]
[BlackElo "1483"]

1. e4 d5 2. Qf3 Nf6 3. e5 Bg4 4. Qf4 Qd7 5. f3 Bf5 6. g4 Bxc2 7. Na3 Nxg4 8.
fxg4 Be4 9. Nh3 Bxh1 10. Ng5 f6 11. Nh3 g5 12. Qb4 Nc6 13. Qxb7 Rb8 14. Qa6 Rb6
15. Qd3 Nxe5 16. Qd4 Nxg4 17. Qg1 Be4 18. Bb5 c6 19. Ba4 Ne5 20. Qf1 Nf3+ 21.
Ke2 Nxh2 22. Qf2 Qg4+ 23. Ke1 Qxh3 24. d3 Nf3+ 25. Ke2 Ng1+ 26. Qxg1 Qxd3+ 27.
Kf2 e5 28. Bc2 Bc5+ 29. Ke1 Bb4+ 30. Kf2 Qf3# 0-1

[Event "Challenge"]
[Site "http://www.queenalice.com/game.php?id=133586"]
[Date "2006.11.25"]
[Round "-"]
[White "Gohan"]
[Black "PauloH_Colegiao"]
[Result "1-0"]
[WhiteElo "1450"]
[BlackElo "1321"]

1. d4 d5 2. Nf3 Nc6 3. Nc3 Nf6 4. e3 e6 5. Bb5 Bb4 6. Bd2 Bd7 7. Ne5 Nxe5 8.
dxe5 Ne4 9. Bxd7+ Qxd7 10. Nxe4 dxe4 11. Bxb4 Qb5 12. Qd4 Rd8 13. Qxe4 b6 14. c4
Qxb4+ 15. Ke2 Qd2+ 16. Kf3 O-O 17. b3 c5 18. Rhd1 1-0

[Event "Challenge"]
[Site "http://www.queenalice.com/game.php?id=133591"]
[Date "2006.11.25"]
[Round "-"]
[White "kiwi1"]
[Black "Gohan"]
[Result "1-0"]
[WhiteElo "1311"]
[BlackElo "1472"]

1. e4 d5 2. exd5 Qxd5 3. Nc3 Qd6 4. d4 e5 5. Be3 Nf6 6. Nb5 Qd5 7. Nxc7+ Kd7 8.
c4 Qa5+ 9. b4 Qxb4+ 10. Bd2 Qxc4 11. Nxa8 Qxd4 12. Rc1 Bb4 13. Bxb4 Nc6 14. Bb5
Nd5 15. Qxd4 exd4 16. a3 Re8+ 17. Ne2 d3 18. Bxd3 Nd4 19. Rc2 Nxc2+ 20. Bxc2
Nxb4 21. axb4 b6 22. f3 Ba6 23. Bf5+ Kc6 24. Be4+ Kd6 25. Nf4 f5 26. Kd2 fxe4
27. Re1 Ke5 28. Rxe4+ Kf5 29. Rxe8 Kxf4 30. Nc7 Bc4 31. Ne6+ Ke5 32. Nxg7+ Kd4
33. Nf5+ Kd5 34. Kc3 a5 35. Rd8+ 1-0

[Event "Challenge"]
[Site "http://www.queenalice.com/game.php?id=133592"]
[Date "2006.11.25"]
[Round "-"]
[White "Gohan"]
[Black "backnine"]
[Result "1-0"]
[WhiteElo "1518"]
[BlackElo "1425"]

1. d4 Nf6 2. Nf3 e6 3. e3 d6 4. Nc3 Bd7 5. Bd3 Bc6 6. O-O Ng4 7. e4 Be7 8. e5
dxe5 9. Bb5 O-O 10. Nxe5 Nxe5 11. dxe5 Qxd1 12. Rxd1 a6 13. Bd3 Nd7 14. Bf4 Nc5
15. Be4 Bd7 16. Be3 Na4 17. Rxd7 Rfe8 18. Nxa4 Rac8 19. Bxb7 Rb8 20. Rxc7 Bd8
21. Rd7 a5 22. Ba7 Rxb7 23. Rxb7 Bg5 24. Rd1 g6 25. Rdd7 Bh6 26. Rxf7 Rc8 27.
Nc5 a4 28. Nxe6 Rxc2 29. Be3 Re2 30. g3 Rxb2 31. Bxh6 1-0

[Event "Challenge"]
[Site "http://www.queenalice.com/game.php?id=133608"]
[Date "2006.11.25"]
[Round "-"]
[White "lucianogjunqueira"]
[Black "Gohan"]
[Result "0-1"]
[WhiteElo "843"]
[BlackElo "1509"]

1. d3 e5 2. c4 Bb4+ 3. Bd2 Bc5 4. e4 Nc6 5. g3 Qf6 6. Qh5 Qxf2+ 7. Kd1 Qxf1+ 8.
Kc2 Nd4+ 9. Kc3 Nf6 10. b3 Nxh5 11. g4 Qg2 12. gxh5 Qxh1 13. Be3 O-O 14. Nh3
Qe1+ 15. Kb2 Qe2+ 16. Kc1 Qc2# 0-1

[Event "Challenge"]
[Site "http://www.queenalice.com/game.php?id=135076"]
[Date "2006.11.30"]
[Round "-"]
[White "farofa38"]
[Black "Gohan"]
[Result "0-1"]
[WhiteElo "1345"]
[BlackElo "1488"]

1. Nh3 d5 2. e3 e5 3. Nc3 d4 4. exd4 exd4 5. Ne4 Bxh3 6. gxh3 Nf6 7. Ng5 Qd5 8.
d3 Bb4+ 9. Ke2 Qe5+ 10. Kf3 O-O 11. Bf4 Qf5 12. a3 Bd6 13. Qd2 Nd5 14. Kg2 Nxf4+
15. Kg1 Qxg5+ 16. Bg2 Qxg2# 0-1

[Event "Challenge"]
[Site "http://www.queenalice.com/game.php?id=138832"]
[Date "2006.12.8"]
[Round "-"]
[White "Gohan"]
[Black "BRASILOV"]
[Result "0-1"]
[WhiteElo "1461"]
[BlackElo "2192"]

1. d4 Nf6 2. Nf3 d5 3. Nc3 g6 4. Ne5 Bg7 5. Nb5 O-O 6. Qd3 Nc6 7. Qb3 Nxe5 8.
dxe5 Ne4 9. Bf4 Nc5 10. Qb4 Ne6 11. Bd2 a5 12. Qc3 Qd7 13. e3 c6 14. Nd4 Bxe5
15. O-O-O c5 16. Nb5 Bxc3 17. Nxc3 d4 18. Bb5 Qd6 19. Ne4 Qd5 20. f3 Qxa2 21. c3
f5 22. Nf2 a4 23. Nd3 Nc7 24. c4 Nxb5 25. cxb5 a3 26. bxa3 Be6 27. Nb2 Bb3 28.
Ba5 dxe3 0-1

[Event "AUTO-INT-294"]
[Site "http://www.queenalice.com/game.php?id=147551"]
[Date "2006.12.29"]
[Round "1"]
[White "velkan_cu"]
[Black "Gohan"]
[Result "1-0"]
[WhiteElo "1775"]
[BlackElo "1461"]

1. e4 e5 2. Nf3 Nf6 3. d4 d5 4. exd5 Qxd5 5. Nxe5 Bb4+ 6. Nc3 Ne4 7. Bd2 Qxd4 8.
Be3 Qxe5 9. Bb5+ c6 10. O-O Bd6 11. f4 Qf5 12. Bd3 O-O 13. Nxe4 Bb4 14. Ng3 Qd5
15. c4 Qe6 16. Qe2 1-0

[Event "AUTO-INT-294"]
[Site "http://www.queenalice.com/game.php?id=147552"]
[Date "2006.12.29"]
[Round "1"]
[White "Gohan"]
[Black "velkan_cu"]
[Result "0-1"]
[WhiteElo "1477"]
[BlackElo "1755"]

1. e4 e5 2. Nf3 Nf6 3. d4 Nxe4 4. Nxe5 Qf6 5. f3 Qh4+ 6. g3 Nxg3 7. Bg2 Nxh1+ 8.
Ke2 Qf2+ 9. Kd3 Qxg2 10. Bf4 Nf2+ 0-1

[Event "AUTO-INT-294"]
[Site "http://www.queenalice.com/game.php?id=147567"]
[Date "2006.12.29"]
[Round "1"]
[White "Gohan"]
[Black "Andy"]
[Result "0-1"]
[WhiteElo "1533"]
[BlackElo "1439"]

1. d4 d5 2. e3 Nc6 3. Nc3 Nf6 4. Bb5 a6 5. Be2 e6 6. Nf3 Bd6 7. O-O O-O 8. Qd3
Nb4 9. Qd2 b5 10. a3 Nc6 11. Ng5 h6 12. Nf3 Bb7 0-1

[Event "AUTO-INT-294"]
[Site "http://www.queenalice.com/game.php?id=147568"]
[Date "2006.12.29"]
[Round "1"]
[White "Andy"]
[Black "Gohan"]
[Result "1-0"]
[WhiteElo "1459"]
[BlackElo "1510"]

1. e4 Nf6 2. e5 Ne4 3. d4 d5 4. f3 Ng5 5. Bxg5 f6 6. Bf4 Nc6 7. Bb5 Bd7 8. Bxc6
Bxc6 9. Nc3 fxe5 10. Bxe5 Qd7 11. Nge2 O-O-O 12. Qd3 e6 13. O-O-O 1-0

[Event "Challenge"]
[Site "http://www.queenalice.com/game.php?id=164731"]
[Date "2007.2.7"]
[Round "-"]
[White "Gohan"]
[Black "TomBishop"]
[Result "0-1"]
[WhiteElo "1467"]
[BlackElo "1545"]

1. d4 d5 2. e3 Nc6 3. Nc3 Nf6 4. Qd3 e5 5. Nf3 e4 6. Qb5 exf3 7. gxf3 Bb4 8. Bd2
Bxc3 9. Bxc3 O-O 10. O-O-O Bd7 11. Qc5 b6 0-1